Best NBA Player From Each Team Of All Time - Statistics

General Stats
  • This quiz has been taken 92 times
  • The average score is 21 of 30
Answer Stats
Hint Answer % Correct
Cavaliers LeBron James
99%
Heat LeBron James
99%
Bulls Michael Jordan
96%
Bucks Kareem Abdul-Jabbar
90%
Celtics Larry Bird
90%
Mavericks Dirk Nowitzki
88%
Thunder Kevin Durant
87%
Rockets Hakeem Olajuwon
84%
Timberwolves Kevin Garnett
81%
Warriors Wilt Chamberlain
81%
Lakers Magic Johnson
79%
Pacers Reggie Miller
75%
Spurs Tim Duncan
75%
76ers Moses Malone
73%
Raptors Vince Carter
73%
Pistons Isiah Thomas
72%
Jazz John Stockton
72%
Nuggets Carmelo Anthony
67%
Pelicans Chris Paul
67%
Suns Steve Nash
67%
Nets Julius Erving
63%
Kings Oscar Robertson
61%
Grizzlies Pau Gasol
61%
Trailblazers Clyde Drexler
55%
Hawks Bob Pettit
52%
Hornets Kemba Walker
51%
Knicks Walt Frazier
45%
Clippers Bob McAdoo
39%
Magic Tracy McGrady
39%
Wizards Elvin Hayes
25%
No matching quizzes found
Score Distribution
Percent of People with Each Score
Percentile by Number Answered
Your Score History
You have not taken this quiz